000 00405nam a2200133Ia 4500
008 151001s9999||||xx |||||||||||||| ||und||
100 _aमधुसूदन घाणेकर
245 _aप्रखर राष्ट्रवादी पंतप्रधान
250 _a1
260 _bअत्रे प्रकाशन
260 _c2000
300 _a32
365 _b21
999 _c978150
_d978147